[Event "Dutch League 2016-17"]
[Site "Netherlands NED"]
[Date "2016.09.17"]
[Round "1.3"]
[White "Kunin,V"]
[Black "Van der Werf,M"]
[Result "1/2-1/2"]
[WhiteElo "2595"]
[BlackElo "2409"]

1.d4 Nf6 2.c4 e6 3.Nf3 c5 4.d5 exd5 5.cxd5 d6 6.Nc3 g6 7.e4 a6 8.a4 Bg4 9.Be2 Bxf3
10.Bxf3 Bg7 11.O-O Nbd7 12.Bf4 Qe7 13.Re1 O-O 14.a5 h5 15.e5 Nxe5 16.Bxe5 dxe5
17.d6 Qe6 18.Na4 Rad8 19.Nxc5 Qxd6 20.Qxd6 Rxd6 21.Bxb7 e4 22.Bxa6 Ng4 23.Rad1 Bd4
24.Nxe4 Rxa6 25.Rxd4 Rxa5 26.h3 Nh6 27.b4 Rb5 28.Nd6 Rb6 29.b5 Rfb8 30.Rb1 Kg7
31.Rd5 Ng8 32.Nc4 R6b7 33.b6 Ne7 34.Rc5 Kf6 35.Rd1 Nf5 36.Rc7 Rxb6 37.Nxb6 Rxb6
38.Rdd7 Nh6 39.g3 Ra6 40.Kg2 Rb6 41.Ra7 Rc6 42.Rdb7 Rd6 43.Rb4 Rc6 44.Rf4+ Kg7
45.g4 hxg4 46.hxg4 Rc5 47.Rb4 Rd5 48.Kg3 Rc5 49.f3 Rd5 50.Rb3 Rc5 51.Rd3 Rb5
52.Kh3 Rc5 53.Rdd7 Rb5 54.Kh4 Rb4 55.Ra5 Rc4 56.Kh3 Rc8 57.Kg3 Rb8 58.Rc5 Rb4
59.Ra7 Rd4 60.Rcc7 Rd5 61.Rcb7 Rc5 62.Rb1 Rd5 63.Rh1 Rb5 64.Ra2 Ng8 65.Rah2 Nf6
66.Rd2 Ng8 67.Rd4 Ra5 68.Kf4 Nf6 69.Rb1 Ra7 70.Rb8 Ra5 71.Rb7 Rc5 72.Ra4 Rc8
73.Raa7 Rf8 74.Kg5 Nh7+ 75.Kh4 Nf6 76.Kg3 Nh7 77.f4 g5 78.Ra5 gxf4+ 79.Kxf4 Rc8
80.Rf5 Rf8 81.Re7 Kg6 82.Ke5 f6+ 83.Kf4 Ra8 84.Rb5 Ng5 85.Rb4 Ra3 86.Re3 Ra1
87.Rd3 Rf1+ 88.Kg3 Ra1 89.Rb8 Rg1+ 90.Kf4 Rf1+ 91.Ke3 Rf3+ 92.Ke2 Rf4 93.Rg3 Ra4
94.Rb6 Ra2+ 95.Kd1 Ra4 96.Kc2 Rf4 97.Rg1 Nf3 98.Rg3 Kg5 99.Kc3 Ne5 100.Rb5 Rc4+
101.Kb3 Rxg4 102.Rxg4+  1/2-1/2

[Event "XXIV Balaguer Rapid Open"]
[Site "Balaguer ESP"]
[Date "2016.09.18"]
[Round "3.1"]
[White "Esplugas Esteve,V1"]
[Black "Munoz Pantoja,M"]
[Result "0-1"]
[WhiteElo "2280"]
[BlackElo "2471"]

1.d4 c5 2.d5 Nf6 3.c4 e6 4.Nc3 exd5 5.cxd5 d6 6.Nf3 a6 7.e4 b5 8.Bd3 g6 9.Bg5 Bg7
10.e5 dxe5 11.Nxe5 h6 12.Bh4 O-O 13.O-O Bb7 14.Qf3 g5 15.Bg3 b4 16.Nc6 Nxc6
17.dxc6 Bxc6 18.Qxc6 Qxd3 19.Rad1 Qc4 20.Na4 Rac8 21.Qb7 Qb5 22.Qxb5 axb5
23.Nb6 Ne4 24.Nxc8 Rxc8 25.b3 Ra8 26.Rfe1 Nxg3 27.hxg3 Rxa2 28.Re8+ Kh7 29.Kf1 c4
30.Re4 c3 31.Rxb4 c2 32.Rc1 Ra1  0-1

[Event "St Petersburg Rapid Final"]
[Site "St Petersburg RUS"]
[Date "2016.09.18"]
[Round "3.1"]
[White "Levin,Ev"]
[Black "Sakaev,K"]
[Result "1-0"]
[WhiteElo "2505"]
[BlackElo "2594"]

1.Nf3 Nf6 2.c4 e6 3.d4 c5 4.d5 exd5 5.cxd5 d6 6.Nc3 g6 7.Nd2 Nbd7 8.e4 Bg7
9.Be2 O-O 10.O-O Re8 11.Qc2 Ne5 12.a4 Nfg4 13.h3 Nh6 14.f4 Nd7 15.Nc4 Nb6
16.Nxb6 axb6 17.f5 gxf5 18.Bb5 Re5 19.Bf4 fxe4 20.Bxe5 Bxe5 21.Qxe4 Qg5 22.Qf3 Bf5
23.Bd3 Bxd3 24.Qxd3 Kh8 25.Rae1 Rg8 26.Re2 f5 27.Nb5 f4 28.Nc7 Bd4+ 29.Kh2 Nf5
30.Ne6 Qg3+ 31.Qxg3 Nxg3 32.Rfe1 Nxe2 33.Rxe2 Be5 34.Rxe5 dxe5 35.d6 e4 36.Kg1 f3
37.g4 h5 38.g5 e3 39.d7 h4 40.d8=Q Rxd8 41.Nxd8 Kg7 42.Nxb7 Kg6 43.Nxc5 Kxg5
44.Nd3 Kf5 45.b4 Ke4 46.Nf2+ Kd4 47.Ng4 f2+ 48.Kf1  1-0

[Event "TCh-SRB Premier w 2016"]
[Site "Kragujevac SRB"]
[Date "2016.09.28"]
[Round "7.1"]
[White "Rakic,Te"]
[Black "Vuckovic,J"]
[Result "0-1"]
[WhiteElo "2004"]
[BlackElo "1952"]

1.d4 c5 2.d5 Nf6 3.c4 e6 4.Nc3 exd5 5.cxd5 d6 6.Nf3 g6 7.Nd2 Nbd7 8.e4 Bg7
9.Be2 O-O 10.Qc2 Re8 11.O-O a6 12.a4 Qe7 13.Ra3 Ne5 14.a5 Rb8 15.Re1 b5 16.axb6 Rxb6
17.f4 Ned7 18.Nc4 Rb4 19.Bd2 Nh5 20.Nd1 Bd4+ 21.Kh1 Ndf6 22.Bxb4 cxb4 23.Rd3 Bc5
24.Bxh5 Nxh5 25.Rf3 Bg4 26.Rff1 Qh4 27.Qd3 Nxf4 28.Qd2 Nh5 29.Qd3 Bxd1 30.Rxd1 Rxe4
31.Nd2 Re3 32.Qxa6 Ng3+ 33.Kg1 Ra3+  0-1

[Event "TCh-SRB Premier 2016"]
[Site "Kragujevac SRB"]
[Date "2016.10.01"]
[Round "10.3"]
[White "Parligras,M"]
[Black "Grigoryan,K2"]
[Result "1-0"]
[WhiteElo "2595"]
[BlackElo "2544"]

1.d4 Nf6 2.c4 e6 3.Nf3 c5 4.d5 exd5 5.cxd5 d6 6.Nc3 g6 7.Nd2 Bg7 8.e4 O-O
9.Be2 Na6 10.O-O Re8 11.Re1 Nc7 12.a4 Rb8 13.Qc2 b6 14.Nc4 Ba6 15.Bf4 Bxc4
16.Bxc4 Ng4 17.h3 Ne5 18.Be2 a6 19.Reb1 b5 20.axb5 axb5 21.b4 c4 22.Ra5 f5
23.exf5 gxf5 24.Qxf5 Ng6 25.Bg5 Qc8 26.Qc2 Rf8 27.Bg4 Qe8 28.Ne4 Qe5 29.Re1 Kh8
30.Qc1 Nf4 31.Bxf4 Rxf4 32.Ng3 Qd4 33.Bf3 Rxf3 34.gxf3 Rg8 35.Qd1 c3 36.Qxd4 Bxd4
37.Kf1 Rf8 38.Rd1 Be5 39.Ne2 Rxf3 40.Kg2 Rf8 41.Rd3 c2 42.Ra2 Rf4 43.Rxc2 Rc4
44.Rxc4 bxc4 45.Rd1 c3 46.Kf3 Kg7 47.Ke4 Na6 48.f4 Bf6 49.Rc1 Nxb4 50.Nxc3 Na6
51.Na4 Be7 52.Rc6 Nb8 53.Rc7 Kf6 54.Ra7 Bd8 55.Nc3 Bb6 56.Rb7 Ba5 57.Na4 Na6
58.Ra7  1-0

[Event "TCh-ISL Div 1 2016-17"]
[Site "Reykjavik ISL"]
[Date "2016.10.01"]
[Round "4.2"]
[White "Kristinsson,Ba"]
[Black "Johansson,Th2"]
[Result "1/2-1/2"]
[WhiteElo "2180"]
[BlackElo "2218"]

1.d4 Nf6 2.c4 e6 3.Nf3 c5 4.d5 exd5 5.cxd5 d6 6.Nc3 g6 7.g3 Bg7 8.Bg2 O-O
9.O-O Na6 10.a4 Nc7 11.Nd2 b6 12.Nc4 Ba6 13.Na3 Ng4 14.h3 Ne5 15.f4 Nc4 16.Nc2 Na5
17.Be3 Nc4 18.Bc1 Na5  1/2-1/2

[Event "Liga Nacional Superior"]
[Site "Villa Martelli ARG"]
[Date "2016.10.01"]
[Round "2.7"]
[White "Pierucci,F"]
[Black "Bank,Valeria"]
[Result "1-0"]
[WhiteElo "2026"]
[BlackElo "1674"]

1.d4 Nf6 2.c4 e6 3.Nf3 c5 4.d5 exd5 5.cxd5 d6 6.Nc3 g6 7.e4 Bg7 8.Bd3 O-O
9.O-O Re8 10.Nd2 Na6 11.Nc4 Nc7 12.Bf4 Bf8 13.a4 Nh5 14.Be3 Qh4 15.Qd2 f6
16.f4 Bd7 17.Rf3 Ng7 18.f5 gxf5 19.exf5 Bxf5 20.Rf4 Qh5 21.Bxf5 Nxf5 22.g4 Qg6
23.Rxf5 Qxg4+ 24.Qg2 Qxg2+ 25.Kxg2 Kf7 26.Raf1 Be7 27.Ne4 Rg8+ 28.Kh1 Ne8
29.Ng5+ Kg6 30.Ne6 Ng7 31.Nxg7 Kxg7 32.Bf4 Rad8 33.Bg3 Kh8 34.Re1 Rd7 35.Bh4 Rf8
36.Re6 Kg7 37.Bg3 Rfd8 38.Nd2 Kg6 39.Rf2 a6 40.Ne4 b5 41.axb5 axb5 42.Nxf6 Bxf6
43.Rfxf6+ Kg5 44.Kg2  1-0

[Event "FSIM October 2016"]
[Site "Budapest HUN"]
[Date "2016.10.04"]
[Round "4.3"]
[White "Erdos,B"]
[Black "Chekletsov,Egor"]
[Result "0-1"]
[WhiteElo "2203"]
[BlackElo "2287"]

1.d4 Nf6 2.c4 e6 3.Nf3 c5 4.d5 exd5 5.cxd5 d6 6.Nc3 g6 7.Nd2 Na6 8.e4 Nc7
9.a4 b6 10.Be2 Bg7 11.O-O O-O 12.f3 Rb8 13.Nc4 Ba6 14.Na3 Bxe2 15.Qxe2 Re8
16.Qc2 a6 17.Nc4 b5 18.axb5 axb5 19.Na5 Qd7 20.Bf4 Ra8 21.Qd2 b4 22.Ne2 Ncxd5
23.exd5 Qb5 24.Ng3 Rxa5 25.Bxd6 Rxa1 26.Rxa1 Qb6 27.Bf4 c4+ 28.Kh1 c3 29.bxc3 bxc3
30.Qd3 Qb4 31.Bg5 Nd7 32.Rb1 Nc5 33.Qc2 Qb2 34.Qxb2 cxb2 35.Nf1 Ra8 36.Nd2 Bc3
37.h3 Bxd2 38.Bf6 Ra1 39.Rxa1 bxa1=Q+ 40.Bxa1 Nd7  0-1

[Event "8th Pilsen Open 2016"]
[Site "Plzen CZE"]
[Date "2016.10.09"]
[Round "1"]
[White "Novotny,Martin"]
[Black "Schoebel,Thomas"]
[Result "1-0"]
[WhiteElo "1863"]
[BlackElo "1364"]

1.d4 e6 2.c4 c5 3.d5 exd5 4.cxd5 d6 5.Nc3 Nf6 6.Nf3 g6 7.e4 Bg7 8.Be2 a6
9.a4 Qa5 10.Bd2 Qc7 11.O-O O-O 12.Bf4 Re8 13.Nd2 h5 14.Qc2 Bg4 15.f3 Bd7
16.Nc4 Bf8 17.a5 Bc8 18.Ra3 Nbd7 19.Na4 Nh7 20.h3 g5 21.Bh2 Ne5 22.Nxe5 dxe5
23.Nb6 Rb8 24.Rc3 Nf6 25.b4 Nd7 26.bxc5 Bxc5+ 27.Kh1 Nxb6 28.axb6 Qxb6 29.Rxc5 Bd7
30.Rb1 Qa7 31.Bg1 Qa8 32.Rc7 Bc8 33.Qc5 b5 34.Ra7 Bb7 35.Rxa8 Bxa8 36.Qd6 Bxd5
37.exd5 Rbd8 38.Qh6 Rxd5 39.Qxg5+ Kf8 40.Rc1 f6 41.Qxf6+ Kg8 42.Qg6+ Kf8
43.Bc5+ Rxc5 44.Rxc5  1-0

[Event "25th TCh-CRO Div 1b 2016"]
[Site "Sibenik CRO"]
[Date "2016.10.09"]
[Round "2.4"]
[White "Bilobrk,F"]
[Black "Cebalo,M"]
[Result "1/2-1/2"]
[WhiteElo "2359"]
[BlackElo "2370"]

1.d4 Nf6 2.c4 c5 3.d5 e6 4.Nc3 exd5 5.cxd5 d6 6.Nf3 g6 7.h3 Bg7 8.Bf4 O-O
9.e3 Na6 10.Be2 Nc7 11.O-O a6 12.a4 Rb8 13.a5 b5 14.axb6 Rxb6 15.b3 Nh5 16.Bg5 Qe8
17.Rc1 h6 18.Bh4 Nb5 19.Na4 Rb7 20.Nd2 Nf6 21.Bxf6 Bxf6 22.Bg4 Bxg4 23.hxg4 Kg7
24.Nc4 Re7 25.g3 Rh8 26.Kg2 Qa8 27.Rh1 Rhe8 28.Qf3 Bg5 29.Rhd1 Qb7 30.Rd3 Qc7
31.Nab6 Qd8 32.Ra1 Ra7 33.Na4 Bf6 34.Rh1 Bg5 35.Ra1 Bf6 36.Ra2 Rh8 37.Rd1 Rh7
38.Rh1 Rh8 39.Qd1 Re8 40.Qd3 Qc7  1/2-1/2

[Event "38th Arco Open 2016"]
[Site "Arco ITA"]
[Date "2016.10.10"]
[Round "3.19"]
[White "Voltolini,G"]
[Black "Tripi,Nicolo'"]
[Result "1/2-1/2"]
[WhiteElo "2126"]
[BlackElo "1976"]

1.d4 Nf6 2.c4 e6 3.Nc3 c5 4.d5 exd5 5.cxd5 d6 6.Nf3 g6 7.g3 Bg7 8.Bg2 O-O
9.O-O a6 10.a4 Nbd7 11.Nd2 Rb8 12.Nc4 Ne8 13.a5 b5 14.axb6 Ne5 15.Na5 Qxb6
16.h3 f5 17.f4 Nf7 18.Kh2 Nf6 19.Ra3 Bd7 20.Nc6 Rbe8 21.Qd3 Bc8 22.Qc4  1/2-1/2

[Event "26th TCh-SLO 2016"]
[Site "Slovenia SLO"]
[Date "2016.10.16"]
[Round "3.5"]
[White "Marjanovic,Dej"]
[Black "Podkriznik,G"]
[Result "1/2-1/2"]
[WhiteElo "2432"]
[BlackElo "2363"]

1.d4 Nf6 2.c4 e6 3.Nf3 c5 4.d5 d6 5.Nc3 exd5 6.cxd5 g6 7.Bf4 a6 8.a4 Qe7
9.h3 Nbd7 10.e3 Bg7 11.Nd2 Ne5 12.Be2 O-O 13.O-O Ne8 14.Re1 f5 15.Bh2 Rb8
16.Qc2 Bd7 17.f4 Nf7 18.e4 fxe4 19.Ndxe4 Bf5 20.Bd3 Qd7 21.a5 Nc7 22.g4 Bxe4
23.Bxe4 Rbe8 24.Bg3 Nb5 25.Kg2 Nd4 26.Qd3 Qc7 27.Qc4 Rb8 28.Ne2 b5 29.axb6 Rxb6
30.Nxd4 Bxd4 31.Re2 Rfb8 32.Rxa6 Rb4 33.Qd3 Rxb2 34.Ra2 R2b3 35.Qa6 R3b6
36.Qa4 Kg7 37.Rac2 Rb4 38.Qa6 Qd8 39.Bf3 R4b6 40.Qd3 Rb2 41.Rxb2 Rxb2 42.Rxb2 Bxb2
43.g5 Qa8 44.h4 Bd4 45.h5 gxh5 46.Qf5 Nh8 47.Bxh5 Qa1 48.Qd7+ Kg8 49.Qe8+ Kg7
50.Qe7+ Kg8 51.Qe6+ Kg7 52.Qh6+ Kg8 53.Qe6+ Kg7 54.Bf3 Qg1+ 55.Kh3 Bf2 56.Bh2 Qf1+
57.Kg4 Nf7 58.Qf6+ Kg8 59.g6 hxg6 60.Qxg6+ Kf8 61.f5 Qc4+ 62.Kh3 Qh4+ 63.Kg2 Bd4
64.Bg3 Qh8 65.Bxd6+ Nxd6 66.Qxd6+ Kg8 67.Qe6+ Kf8 68.Qc8+ Ke7 69.Qc7+ Kf8
70.Qd6+ Kg8 71.Qe6+ Kf8 72.d6 Qg7+ 73.Kh3 Qe5 74.Qh6+ Qg7 75.Qh4 Bf6 76.Qf4 Be5
77.Qh4 Qf6 78.Qxf6+ Bxf6 79.Bd5 Be5 80.d7  1/2-1/2

[Event "Mersin Open 2016"]
[Site "Mersin TUR"]
[Date "2016.10.24"]
[Round "2.25"]
[White "Bacak,Muhammed Kaan"]
[Black "Erece,Ece Alkim"]
[Result "1-0"]
[WhiteElo "1977"]
[BlackElo "1895"]

1.d4 Nf6 2.c4 c5 3.d5 e6 4.Nc3 exd5 5.cxd5 d6 6.Nf3 g6 7.Bf4 a6 8.a4 Bg7
9.h3 O-O 10.e3 Qc7 11.Nd2 Nh5 12.Bh2 f5 13.Be2 Nf6 14.Nc4 Ne8 15.a5 Nd7 16.Qb3 Rb8
17.Na4 Ne5 18.Nab6 Qe7 19.Nxe5 Bxe5 20.Bxe5 Qxe5 21.Nxc8 Rxc8 22.Qxb7 Nc7
23.O-O f4 24.Bg4 Rb8 25.Qxc7 Rxb2 26.Ra3 Qxd5 27.exf4 Rxf4 28.Re3 Re4 29.Bf3  1-0

[Event "e2e4 Gatwick Int 2016"]
[Site "Crawley ENG"]
[Date "2016.10.27"]
[Round "2.9"]
[White "Kalaiyalahan,Akshaya"]
[Black "Jackson,J"]
[Result "0-1"]
[WhiteElo "2046"]
[BlackElo "2311"]

1.d4 Nf6 2.c4 c5 3.d5 e6 4.Nc3 exd5 5.cxd5 d6 6.Nf3 g6 7.Bf4 a6 8.a4 Bg7
9.h3 O-O 10.e3 Ne8 11.Be2 Nd7 12.O-O Rb8 13.Re1 Qe7 14.Bf1 Nc7 15.e4 Ne5
16.Nxe5 Bxe5 17.Bxe5 Qxe5 18.Qd2 g5 19.Rab1 b5 20.axb5 Nxb5 21.Nxb5 axb5
22.b4 c4 23.Ra1 Rb7 24.Ra3 f6 25.g3 Rg7 26.Bg2 Re8 27.Ree3 h5 28.Qe2 g4 29.h4 Qd4
30.Kh2 Rge7 31.Qc2 Re5 32.Re2 Kg7 33.Rd2 Qb6 34.Re2 Bf5 35.Rae3 Bg6 36.Qc3 Qa7
37.Bh1 Ra8 38.Re1 Ree8 39.Bg2 Qe7 40.R1e2 Qe5 41.Qxe5 Rxe5 42.f4 gxf3 43.Bxf3 Ra4
44.Rb2 f5 45.Rbe2 fxe4 46.Bxe4 Bxe4 47.Rxe4 Rxe4 48.Rxe4 Rxb4 49.Re6 c3 50.Rxd6 c2  0-1

[Event "Mersin Open 2016"]
[Site "Mersin TUR"]
[Date "2016.10.27"]
[Round "6.32"]
[White "Kulakli,Ahmet"]
[Black "Erece,Ece Alkim"]
[Result "1/2-1/2"]
[WhiteElo "1735"]
[BlackElo "1895"]

1.d4 Nf6 2.c4 c5 3.d5 e6 4.Nc3 exd5 5.cxd5 d6 6.Nf3 g6 7.Bf4 a6 8.a4 Bg7
9.e3 Bg4 10.Be2 Bxf3 11.Bxf3 O-O 12.O-O Qe7 13.Re1 Nbd7 14.Qc2 Rab8 15.Be2 Rfc8
16.h3 c4 17.a5 b5 18.axb6 Rxb6 19.Ra4 Nc5 20.Rxc4 Rcb8 21.Rb1 Nfd7 22.b4 Bxc3
23.Qxc3 Nf6 24.Bf3 a5 25.Kh2 Nfe4 26.Qc2 Rxb4 27.Rbxb4 Rxb4 28.Bxe4 Nxe4
29.Rc8+ Kg7 30.f3 g5 31.fxe4 gxf4 32.Qc3+ Qe5 33.Qxe5+ dxe5 34.exf4 exf4
35.e5 Rd4 36.d6 Rd2 37.Kg1 Kg6 38.Rc5 a4 39.Ra5 Kf5 40.Rxa4 Kxe5 41.Ra7  1/2-1/2

[Event "World Cadets U12 2016"]
[Site "Batumi GEO"]
[Date "2016.10.28"]
[Round "9.38"]
[White "Tskipurishvili,Davit"]
[Black "Kevlishvili,Nika"]
[Result "1/2-1/2"]
[WhiteElo "1575"]
[BlackElo "1862"]

1.d4 Nf6 2.c4 e6 3.Nf3 c5 4.d5 exd5 5.cxd5 d6 6.Nc3 g6 7.e4 Bg7 8.Bb5+ Bd7
9.Bxd7+ Qxd7 10.a4 O-O 11.O-O Re8 12.Re1 Na6 13.Bg5 h6 14.Bh4 g5 15.Bg3 Nh5
16.Ne5 Bxe5 17.Bxe5 Rxe5 18.Qxh5 Kg7 19.Re3 f5 20.exf5 Qxf5 21.Rf3 Qg6 22.Qg4 Rae8
23.h4 h5 24.Qd7+ R5e7 25.Qf5 g4 26.Rf4 Qxf5 27.Rxf5 Re5 28.Rxe5 Rxe5 29.Rd1 Nb4
30.f4 gxf3 31.gxf3 a6 32.Kf2 Kf7 33.f4 Rf5 34.Kf3 c4 35.Rd4 Nd3 36.Rxc4 Ne5+
37.Ke4 Rxf4+ 38.Kxf4 Nxc4  1/2-1/2

[Event "World Cadets U12 2016"]
[Site "Batumi GEO"]
[Date "2016.10.30"]
[Round "11.44"]
[White "Mohamed Saeed Laily"]
[Black "Kevlishvili,Nika"]
[Result "0-1"]
[WhiteElo "1683"]
[BlackElo "1862"]

1.d4 Nf6 2.Nf3 c5 3.d5 e6 4.c4 exd5 5.cxd5 d6 6.Nc3 g6 7.e4 Bg7 8.Be2 O-O
9.O-O Re8 10.Nd2 Na6 11.f3 Nc7 12.Nc4 b5 13.Ne3 Rb8 14.a3 a5 15.a4 bxa4 16.Nxa4 Nb5
17.Nc4 Nd4 18.Bf4 Ba6 19.Bd3 Nh5 20.Be3 Rb4 21.Na3 Bxd3 22.Qxd3 Rxa4 23.Bd2 Qb8
24.Nc4 Rxa1 25.Rxa1 Nb3 26.Ra3 Nxd2 27.Qxd2 Qb4 28.Qxb4 axb4 29.Ra6 Rd8 30.Nxd6 Bxb2
31.Nb7 Rb8 32.Nxc5 Bd4+  0-1

[Event "20th OIBM 2016"]
[Site "Bad Wiessee GER"]
[Date "2016.11.03"]
[Round "6.26"]
[White "Schaefer,Mi1"]
[Black "Morawietz,D"]
[Result "0-1"]
[WhiteElo "2159"]
[BlackElo "2430"]

1.d4 Nf6 2.c4 e6 3.Nf3 c5 4.d5 exd5 5.cxd5 d6 6.Nc3 g6 7.Bf4 a6 8.a4 Bg7
9.h3 O-O 10.e3 Ne8 11.Be2 Nd7 12.O-O Rb8 13.Nd2 f5 14.Nc4 Ne5 15.Bxe5 Bxe5
16.a5 Bg7 17.Qd2 f4 18.Bf3 fxe3 19.fxe3 Qe7 20.Be2 Nf6 21.Rab1 Bh6 22.b4 cxb4
23.Rxb4 Bf5 24.Bd3 Rbc8 25.Rf3 Rc7 26.Ne2 Nxd5 27.Rb3 Be6 28.Rxf8+ Qxf8 29.Nd4 Bf7
30.Be2 Nf6 31.Rb4 d5 32.Ne5 Ne4 33.Qb2 Bxe3+ 34.Kh2 Bf4+  0-1

[Event "43rd ch-IND w 2016"]
[Site "Delhi IND"]
[Date "2016.11.08"]
[Round "6.5"]
[White "Pratyusha,B"]
[Black "Swathi,G"]
[Result "1-0"]
[WhiteElo "2289"]
[BlackElo "2260"]

1.d4 Nf6 2.c4 c5 3.d5 e6 4.Nc3 exd5 5.cxd5 d6 6.Nf3 g6 7.Bf4 a6 8.a4 Bg7
9.e3 O-O 10.h3 Re8 11.Be2 Ne4 12.Nxe4 Rxe4 13.O-O Rb4 14.Nd2 Bxb2 15.Rb1 Be5
16.Rxb4 cxb4 17.Bxe5 dxe5 18.Nc4 Nd7 19.d6 b5 20.axb5 axb5 21.Qd5 Ra2 22.Nd2 Rc2
23.Qd3 Rc5 24.Ne4 Rc6 25.f4 Qb6 26.Kh2 exf4 27.Rxf4 Nf8 28.Nf6+ Kg7 29.d7 Bxd7
30.Nxd7 Qc7 31.Qd4+ Kh6 32.Ne5 Ne6 33.Nxf7+ Qxf7 34.Rh4+ Kg5 35.Qd5+ Qf5
36.Rg4+ Kh6 37.Qxc6 Qe5+ 38.Rg3 b3 39.Qxb5 Nc5 40.Bd3 Nxd3 41.Qxd3 b2 42.Qb3 g5
43.e4 Kg6 44.h4 h6 45.Kh3 Qf4 46.Qg8+ Kf6 47.Qf8+  1-0

[Event "Serbian Open 2016"]
[Site "Novi Sad SRB"]
[Date "2016.11.09"]
[Round "5.38"]
[White "Tashev,Aleksandar"]
[Black "Kantane,Anna"]
[Result "1/2-1/2"]
[WhiteElo "2129"]
[BlackElo "2280"]

1.d4 Nf6 2.Nf3 c5 3.d5 e6 4.c4 exd5 5.cxd5 d6 6.Nc3 g6 7.e4 Bg7 8.Bd3 Bg4
9.O-O O-O 10.h3 Bxf3 11.Qxf3 Nbd7 12.Bf4 Qe7 13.Rfe1 Ne5 14.Qe3 Nfd7 15.Bg5 f6
16.Bh4 a6 17.a4 c4 18.Be2 Nc5 19.f4 Bh6 20.Bg3 Rae8 21.Qd4 Nb3 22.Qd1 Nd7
23.Ra3 Na5 24.Qd4 Nb3 25.Qd1 Na5 26.Qd4  1/2-1/2

[Event "Serbian Open 2016"]
[Site "Novi Sad SRB"]
[Date "2016.11.11"]
[Round "7.17"]
[White "Abhishek,K"]
[Black "Secheres,Ad"]
[Result "1/2-1/2"]
[WhiteElo "2389"]
[BlackElo "2296"]

1.d4 Nf6 2.Nf3 c5 3.d5 e6 4.c4 exd5 5.cxd5 d6 6.Nc3 g6 7.Bf4 Bg7 8.h3 O-O
9.e3 Na6 10.Be2 Nc7 11.a4 Re8 12.O-O Ne4 13.Qb3 b6 14.Rfd1 Bb7 15.Ra3 Rb8
16.Bb5 Re7 17.Bc6 Ne8 18.Nb5 a6 19.Na7 Bc8 20.Nxc8 Qxc8 21.Qc2 Qd8 22.Rb3 Nc7
23.Ng5 Nf6 24.e4 h6 25.e5 dxe5 26.d6 exf4 27.dxe7 Qxe7 28.Ne4 Ne6 29.a5 b5
30.Nxf6+ Qxf6 31.Bd5 Nd4 32.Qxc5 Nxb3 33.Bxb3 Rf8 34.Rd7 f3 35.gxf3  1/2-1/2

[Event "26th TCh-SLO 2016"]
[Site "Slovenia SLO"]
[Date "2016.11.13"]
[Round "6.1"]
[White "Gostisa,L"]
[Black "Markoja,B"]
[Result "1/2-1/2"]
[WhiteElo "2405"]
[BlackElo "2383"]

1.d4 Nf6 2.Nf3 e6 3.c4 c5 4.d5 exd5 5.cxd5 d6 6.Nc3 g6 7.e4 Bg7 8.Be2 O-O
9.O-O Bg4 10.Bf4 a6 11.a4 Bxf3 12.Bxf3 Qe7 13.Re1 Nbd7 14.a5 Rfe8 15.h3 h5
16.Qd2 Nh7 17.Be2 Bd4 18.Bf1 g5 19.Be3 Bxe3 20.Rxe3 Ne5 21.Qd1 h4 22.Qh5 Kg7
23.g3 Rh8 24.Qe2 Nf6 25.f4 gxf4 26.gxf4 Ng6 27.e5 Nh5 28.exd6 Qf6 29.Ne4 Qxf4
30.Qf2 Rhd8 31.Rae1 Qxf2+ 32.Kxf2 Nf6 33.Nxc5 Rxd6 34.Nxb7 Rxd5 35.b4 Rd4
36.Rb1 Ne4+ 37.Rxe4 Rxe4 38.Nc5 Rf4+ 39.Kg1 Rf6 40.Nd7 Rf4 41.Nc5 Rf6  1/2-1/2

[Event "UT Dallas Fall Open 2016"]
[Site "Dallas USA"]
[Date "2016.11.19"]
[Round "3.20"]
[White "Rozman,Levy"]
[Black "Niemann,Hans M"]
[Result "1-0"]
[WhiteElo "2394"]
[BlackElo "2273"]

1.d4 Nf6 2.c4 c5 3.d5 e6 4.Nf3 exd5 5.cxd5 d6 6.Nc3 g6 7.Bf4 a6 8.Nd2 Nh5
9.Be3 b5 10.a4 b4 11.Nce4 f5 12.g4 Ng7 13.Ng3 fxg4 14.h3 Nd7 15.hxg4 Nf6
16.Qc2 Bxg4 17.Bg5 Nf5 18.Bxf6 Qxf6 19.Qe4+ Be7 20.Qxg4 Nxg3 21.Qxg3 Qxb2
22.Rb1 Qc2 23.e4 Kd7 24.Bd3 Qc3 25.Ke2 Bf6 26.Nc4  1-0

[Event "TCh-CZE 1 Liga Zapad"]
[Site "Czech Republic CZE"]
[Date "2016.11.20"]
[Round "3.1"]
[White "Purnoch,J"]
[Black "Kucera,P3"]
[Result "1/2-1/2"]
[WhiteElo "2155"]
[BlackElo "2259"]

1.d4 Nf6 2.c4 c5 3.d5 e6 4.Nc3 exd5 5.cxd5 d6 6.Nf3 g6 7.Qa4+ Nbd7 8.e4 Bg7
9.Bd3 O-O 10.O-O a6 11.Bf4 Nh5 12.Bg5 Qc7 13.Rac1 Rb8 14.Rfe1 b5 15.Qc2 Re8
16.h3 c4 17.Bf1 Nc5 18.b4 cxb3 19.axb3 Qa5 20.e5 Bf5 21.Qd1 b4 22.Nb1 Bxb1
23.Rxb1 dxe5 24.g4 Nf4 25.Nxe5 Bxe5 26.Rxe5 Nxh3+ 27.Bxh3 Rxe5 28.Bf4 Nd7
29.Bxe5 Nxe5 30.Bg2 Qb6 31.Qe2 Qd4 32.Rd1 Qxg4 33.Qxg4 Nxg4 34.d6 Rd8 35.Rd4 h5
36.Bf1 Ne5 37.Kg2 Nc6 38.Rd5 Kg7 39.Bxa6 Kf6 40.f4 Ke6 41.Bc4 Rxd6 42.Rxh5+ Kf6
43.Rb5 Nd4 44.Rxb4 Nc2 45.Ra4 Ne3+ 46.Kf3 Nxc4 47.bxc4 g5  1/2-1/2

[Event "UT Dallas Fall Open 2016"]
[Site "Dallas USA"]
[Date "2016.11.22"]
[Round "7.21"]
[White "Ishhanov,T"]
[Black "Niemann,Hans M"]
[Result "0-1"]
[WhiteElo "2273"]
[BlackElo "2273"]

1.c4 Nf6 2.d4 c5 3.d5 e6 4.Nc3 exd5 5.cxd5 d6 6.Nf3 g6 7.Bf4 a6 8.a4 Bg7
9.e3 O-O 10.h3 Ne8 11.Be2 Nd7 12.e4 Qe7 13.O-O Rb8 14.Qc2 b6 15.Bd3 Ne5 16.Nxe5 dxe5
17.Be3 a5 18.Nb5 Nd6 19.Nxd6 Qxd6 20.f4 f5 21.fxe5 Qxe5 22.Bf4 Qd4+ 23.Kh1 fxe4
24.Bxb8 exd3 25.Rxf8+ Bxf8 26.Qb3 c4 27.Qc3 Qxd5 28.Be5 Bxh3 29.Rg1 Bg4 30.b3 Bg7  0-1

[Event "42nd OMICON ch-BAN 2016"]
[Site "Dhaka BAN"]
[Date "2016.11.22"]
[Round "13.6"]
[White "Murshed,N"]
[Black "Hossain,Enam"]
[Result "0-1"]
[WhiteElo "2449"]
[BlackElo "2443"]

1.d4 Nf6 2.c4 e6 3.Nf3 c5 4.d5 exd5 5.cxd5 d6 6.Nc3 g6 7.Nd2 Nbd7 8.Nc4 Nb6
9.Ne3 Bg7 10.g3 O-O 11.Bg2 Re8 12.O-O Ng4 13.Qb3 a6 14.Nxg4 Bxg4 15.Re1 Rb8
16.h3 Bd7 17.Bf4 Nc8 18.Ne4 Bxh3 19.Nxd6 Nxd6 20.Bxh3 Be5 21.Bxe5 Rxe5 22.Bg2 Ne4
23.Bxe4 Rxe4 24.Qc3 Qxd5 25.Rad1 Qc6 26.f3 Ree8 27.Kf2 Rbd8 28.Rh1 Rxd1 29.Rxd1 Qe6
30.e4 Qxa2 31.Rd5 b6 32.Qf6 Qb3 33.g4 h6 34.Kg3 a5 35.Rd6 b5 36.Rd5 c4 37.Qc6 Rb8
38.Qc7 Rf8 39.Qe5 b4 40.Rxa5 Qd1 41.Rd5 Qg1+ 42.Kh3 Qf2 43.Qf6 c3 44.bxc3 b3
45.g5 h5 46.Rd8 Rxd8 47.Qxd8+ Kh7 48.Qf6 Qf1+ 49.Kg3 Qc4  0-1

[Event "17th Puhajarve Rapid"]
[Site "Puhajarve EST"]
[Date "2016.11.26"]
[Round "11.4"]
[White "Valgmae,Toomas"]
[Black "Beliavsky,A"]
[Result "1-0"]
[WhiteElo "2270"]
[BlackElo "2605"]

1.d4 Nf6 2.c4 e6 3.Nf3 c5 4.d5 exd5 5.cxd5 d6 6.Nc3 g6 7.g3 Bg7 8.Bg2 O-O
9.O-O Re8 10.Nd2 Nbd7 11.h3 b6 12.a4 a6 13.Nc4 Ne5 14.Na3 Rb8 15.f4 Ned7
16.e4 Qc7 17.Qd3 Nf8 18.Bd2 h5 19.Rae1 N6d7 20.Kh2 Nh7 21.Re2 Ndf8 22.Rfe1 f5
23.e5 h4 24.exd6  1-0

[Event "African Chess Lounge IM"]
[Site "Cape Town RSA"]
[Date "2016.11.27"]
[Round "2.1"]
[White "Amini,Daud"]
[Black "Khetho,P"]
[Result "1-0"]
[WhiteElo "2022"]
[BlackElo "2215"]

1.d4 Nf6 2.c4 c5 3.d5 e6 4.Nf3 exd5 5.cxd5 d6 6.Nc3 g6 7.h3 Bg7 8.e4 O-O
9.Bd3 b6 10.O-O Ba6 11.Bf4 Re8 12.Qe2 Bxd3 13.Qxd3 a6 14.a4 Qe7 15.Nd2 Nbd7
16.Nc4 Nxe4 17.Rae1 f5 18.f3 Bd4+ 19.Kh2 Be5 20.fxe4 Bxf4+ 21.Rxf4 Rab8 22.Ref1 b5
23.axb5 axb5 24.Na5 Ne5 25.Qg3 b4 26.Nd1 Qc7 27.Nc6 Nxc6 28.dxc6 Rxe4 29.Rxe4 fxe4
30.Qf4 Qxc6 31.Qf7+ Kh8 32.Qf6+ Kg8 33.Qe6+ Kg7 34.Rf7+ Kh6 35.Qf6 Qd5 36.Qf4+ Qg5
37.Rxh7+  1-0

[Event "6th Holuj-Radzikowska"]
[Site "Wroclaw POL"]
[Date "2016.11.29"]
[Round "7.3"]
[White "Szczepkowska Horowska,K"]
[Black "Socko,M"]
[Result "1/2-1/2"]
[WhiteElo "2415"]
[BlackElo "2428"]

1.d4 Nf6 2.c4 e6 3.Nf3 c5 4.d5 exd5 5.cxd5 d6 6.Nc3 g6 7.e4 a6 8.a4 Bg7 9.Be2 O-O
10.O-O Bg4 11.Nd2 Bxe2 12.Qxe2 Nbd7 13.Nc4 Nb6 14.Bg5 Nxc4 15.Qxc4 Qa5 16.e5 dxe5
17.Bxf6 Bxf6 18.Ne4 Bg7 19.Nxc5 b5 20.Nb3 Qxa4 21.Rxa4 bxc4 22.Na5 Rfb8 23.Nxc4 e4
24.Rd1 Bxb2 25.d6 f5 26.g4 Bf6 27.gxf5 gxf5 28.Ne3 Rb5 29.Nd5 Kf7 30.Nxf6 Kxf6
31.d7 Rbb8 32.Rd6+ Ke7 33.d8=Q+ Rxd8 34.Raxa6 Rxd6 35.Rxa8 Kf6 36.Ra7 h6
37.Kg2 f4 38.Ra5 Rd2 39.Kf1 Rd1+ 40.Ke2 Rd3 41.Rh5 Kg6 42.Re5 Rd4 43.Ra5 Rb4
44.Re5 Kf6 45.Rh5 Rb2+ 46.Ke1 Kg6 47.Re5 Rb4 48.Ke2 Ra4 49.Ke1 f3 50.Kd2 Kf6
51.Rh5 Ra3 52.Rxh6+ Kg5 53.Rh8 Kf4 54.Rf8+ Kg4 55.Rh8 Ra2+ 56.Ke1 Ra1+ 57.Kd2 Rf1
58.h3+ Kf5 59.Rf8+ Kg5 60.Rg8+ Kf5  1/2-1/2

[Event "Arab Clubs 2016"]
[Site "Marrakesh MAR"]
[Date "2016.12.03"]
[Round "2"]
[White "Sebih,K"]
[Black "Adly,A"]
[Result "1/2-1/2"]
[WhiteElo "2199"]
[BlackElo "2599"]

1.d4 Nf6 2.c4 c5 3.d5 e6 4.Nc3 exd5 5.cxd5 d6 6.Nf3 g6 7.Nd2 Bg7 8.e4 a6
9.a4 Ng4 10.Nf3 Nd7 11.Be2 Nde5 12.Nxe5 Nxe5 13.O-O f5 14.exf5 Bxf5 15.f4 Nf7
16.Bd3 O-O 17.Bxf5 gxf5 18.Qd3 Nh6 19.Bd2 Qh4 20.Be1 Qh5 21.Ne2 c4 22.Qd2 Ng4
23.h3 Nf6 24.Ng3 Qf7 25.Rd1 Rae8 26.Rf3 Ne4 27.Qb4 Qc7 28.Rc1 Qc5+ 29.Kh2 b5
30.axb5 axb5 31.Nxe4 Rxe4 32.b3 Qxd5 33.bxc4 bxc4 34.Rg3 Kh8 35.Qa4 Rg8 36.Rd1 Qb7
37.Qa5 d5 38.Bc3 d4 39.Qxf5 Rf8 40.Rxg7 Qxg7 41.Qxe4 dxc3 42.Qxc4 Rg8 43.Qc6 h6
44.Rd3 Rf8 45.Rxc3 Rxf4 46.Rg3 Qf6 47.Qe8+ Qf8 48.Qe5+ Qf6 49.Qe8+  1/2-1/2